00802nam a2200229Ii 45000010005000000030009000050080041000140200015000550400033000700410008001030820016001111100049001272450037001762640057002133000012002703360026002823370028003083380027003369400050003639990017004139520142004306873CO-ViMGA241108s9999||||xx |||||||||||||| ||und|| a9250028693 aCO-ViMGAbspaerdacCO-ViMGA0 aunk04a338.19-O73a1 aOrganización de las Naciones Unidas95741510a ayuda alimentaria en cifras 1a[Lugar de publicación no identificado] : FAO, 1989 avolumen atextbtxt2rdacontent aunmediatedbn2rdamedia avolumebnc2rdacarrier aidficha_siabuc: 6716. -- ficha_no_siabuc:6873 c56371d56371 001040708001aMEVIGERRbMEVIGERRcGENd2006-11-27hVol.1o338.19-O73apECA6514r2024-11-26 10:52:19tEj.1w2024-11-26yBKz6716 | 9445